La liga de campesinos en religiosa asamblea social católico-agraria, con motivo de la inauguración de la casa propia del sindicato central de Aragón (Record no. 95349)
[ view plain ]
| 000 -LEADER | |
|---|---|
| campo de control de longitud fija | 00546nam a2200145 i 4500 |
| 001 - NÚMERO DE CONTROL | |
| campo de control | 95349 |
| 003 - IDENTIFICADOR DE NÚMERO DE CONTROL | |
| campo de control | ES-MaACL |
| 005 - FECHA Y HORA DE LA ÚLTIMA TRANSACCIÓN | |
| campo de control | 20230906181703.0 |
| 007 - CAMPO FIJO DE DESCRIPCIÓN FÍSICA--INFORMACIÓN GENERAL | |
| campo de control de longitud fija | t| |
| 008 - DATOS DE LONGITUD FIJA--INFORMACIÓN GENERAL | |
| campo de control de longitud fija | 050526s1924 sp ||||1| spa d |
| 100 1# - ENTRADA PRINCIPAL--NOMBRE DE PERSONA | |
| Nombre de persona | Luytgaerens |
| Títulos y otros términos asociados al nombre | canónigo. |
| 9 (RLIN) | 74897 |
| 245 13 - MENCIÓN DEL TÍTULO | |
| Título | La liga de campesinos en religiosa asamblea social católico-agraria, con motivo de la inauguración de la casa propia del sindicato central de Aragón |
| Resto del título | : Conferencia / |
| Mención de responsabilidad, etc. | por el canónigo Luytgaerens. |
| 260 ## - PUBLICACIÓN, DISTRIBUCIÓN, ETC. | |
| Lugar de publicación, distribución, etc. | Madrid : |
| Nombre del editor, distribuidor, etc. | Editorial Ibérica, |
| Fecha de publicación, distribución, etc. | 1924. |
| 852 ## - LOCALIZACIÓN | |
| Ubicación | ES-MaACL |
| Número de control de estantería | 1697-F-7 |
| Estatus retirado | Estado de pérdida | Estado de daño | No para préstamo | Colección | Biblioteca de origen | Biblioteca actual | Ubicación en estantería | Fecha de adquisición | Fuente de adquisición | Total de préstamos | Signatura topográfica completa | Código de barras | Visto por última vez | Precio de reemplazo | Tipo de ítem Koha |
|---|---|---|---|---|---|---|---|---|---|---|---|---|---|---|---|
| Colección de folletos | Biblioteca del Ateneo de Madrid | Biblioteca del Ateneo de Madrid | Depósito folletos | 17/01/2008 | 1697-F-7 | 1099564 | 23/02/2023 | 23/02/2023 | Folleto |
